Marki wódki A-Z - Statystyki

Ogólne statystyki
  • Ten quiz został rozwiązany 194 razy
  • Średni wynik to 8 z 26
Statystyki odpowiedzi
Litera Marka % Poprawnych
S (53) Smirnoff / Schramm / Ström / Stumbras / Strykover / Sobieski / Soplica / Starka / Shustov / Staro / Stolichnaya / Stolnaya / Svedka / Savyy / Skyy / Square One / Sazerac / Sacred / Sapling / Sausage Tree / Sc Dogs / Sauvelle / Sheringham / Silver Circle / Sipsmith / Solovey / Spirit of Hven / St George / Stoli / Stone / Staritski / Salmari / Saper / Sir Dam / Skid Row / Stonegaz / Suntory / Svensk / Seriously / Siwucha / Snow Queen / Samogon / Saska / Spirytus Rektyfikowany / Stanislav / Specjal /Samvel / Smoke / Silverfox / Sohana / Squadron / So Shot / Solignac / Stock
88%
Z (9) Zubrowka / Zaranoff / Żołądkowa / Zlota / Zlatogor / Zytnia / Zielona / Zytniowka / Zernoff
78%
F (12) Frïs / Finlandia / Firefly / Fleischmann's / Firestarter / Fallen Angel / Fair / Florena / Finist / Federacia / Faronville / Flirt
71%
A (23) Absolut / Absolwent / Adnams / Anestasia / Aivy / Altamura / Arbikie / Aval d'Or / Assaranca / Alamo /Americano / Artemi / Amsterdam Républic / Alize / ARAK / Azimut / Archipelago / Akvinta / Adil / Amber / Amara / Alexander Lemon / Aalborg
67%
P (41) Poliakov / Platinka / Pearl / Polar Ice / Polonaise / Putinka / Pyatizvyozdnaya / Pinky / Purika / Popov / Pinnacle / Pau Maui / Pod / Polmos / Portobello / Potocki / Pienaar and Son / Platinum / Pavlov / Pravda / Precious / Primakov / Pure Divine / Puschkin / Partisan / Pyla / Pod Pea / Perfect 1864 / Pan Tadeusz / Parliament / Piasecki / Poniatowski / Polska / Prime Vodka / Present / Prairie / Passover / Pschenichnaya / Petrossian / Pegasus / Pur
67%
B (39) Billson / Belaya Rus / Blue Diamond / Bong Spirits / Bols / Belvedere / Biała Dama / Black Cow / Biala / Bowman's / Boyd & Blair / Babicka / Baczweski / Badachro / Ballast Point / Beluga / Baller / Bimber /Bistro / Blavod / Bleu Roc / Blu Lie / Boatyard / Bone Idyll / Brecon / Broken Clock / Brennen & Brown / Blood Sweat Tears / Blue Ice / Brody / Broken Shed / Buddha Zen / Blue 42 / Balsam / Black Diamond / Becherovka / Beskidzka / Bialy / Billion Air
61%
L (22) L'Chaim / LB / Luksusowa / Łańcut / Level / Leopold Bros / Lotus / Long Table / Let's Go / Lavish / Le Freak / Legend of Kremlin / Legendario / Louers / Luchino / Lugia / Lubelska / Lwowecka / Ladoga / Lim / Loos / Le Philtre
61%
W (10) Wodka Gorbatschow / White Mischief / Wisent / Wyborowa / Wild Rain / Wheatley / Whitley Neill / Woltz / Winiak / Wratislavia
52%
K (29) Kurant / Kryshtal Etalon / Kihnu Mark / Koskenkorva / Kors / Kleiner / Kissui / Ketel One / Krupnik /Kauffmann / Kizlyarka / Kubanskaya / Karlsson / Khlibnyi Dar / Khortytsa / Kakira / Kalak / Kavka / Konik's Tail / Kanata / King Of Soho / Konik / Keepr / Kosher / Kinbu / Kiss Mou / Kiprinski / Kalinka / Ksar
41%
C (30) Crystal Head / Cîroc / Clique / Chinggis / Chopin / Ck / Cracovia / Chase / Cirrus / Cafe del Mar / Cariel / Carvia / Chambord / Clusius / Cobalte / Connie Glaze / Cossack / Charbay / Cutwater / Candy Cane / Cannabis Sativa / Caramol / Czar Peter / Chapel / Camitz / Chlopska Pedzona / Cymes / Canada / Cherry Rocher / Coqlicorne
40%
O (11) Oso Negro / Orloff / One / Orkisz / Oyester 44 / Oginski / Outerspace / Our / Oxford / Ostoya / Ora
31%
D (21) Danzka / Dragon Bleu / Double Cross / Dubra / Davna / Degen / Dingle / Desi Daru / Discarded /Dockyard / Dry Fly / Dutch Barn / Deep Eddy / Dr Stoner / Debowa / Dynasty / Drumshanbo / Death Door's / Deluxe / Douxblé / Divine
26%
G (18) Grey Goose / Gold Symphony / Glen's / Grand Teton / Gustav / Game Time / Gattertop / Golden Egg /General John Stark / Green Moon / Guillotine / Gecko / Gold Dry / Gorbatschow / Gorter / Grasovka / Goldwasser / Grand Thomas
14%
N (11) Narodnaya / Nemiroff / Nicolai / New Amsterdam / Nikka / Ninkasi / Naga Chili / Neft / Norvegia / Neuvik / Next
14%
E (15) Eristoff / Explorer / East London / Eight Lands / Edelweiss / Edwards / Eve / Effen / Eiko / Emperor / Esbjaerg / Euphoria / European Standard / Extra Zytnia / Etiuda
9%
M (26) Monopolowa / Minsk Kristall / Mariette / Magic Spirits / Magic / Murree / Moskovskaya / Manly / Meili / Mermaid / Mikkeller / Mikolasch / Mousehall / Mamont / Moa / Motorhead / Mystic Anna / Manguin / Marquis / Mazurskie / Miodula / Mcdowells / Moscovia / Marie-Antoinette / Magma / Madame
9%
R (27) Rachmaninoff / Royal Dragon / Reyka / Romanov / Roberto Cavalli / Rodnik / Ruskova / Russian Standard / Renat / Rain / Rutte / Retribution / Respirited / Ramsbury / Rammstein / Russkaya / Rushkinoff / Royal Bison / Remyx / Red Army / Rosolis / Ruski / Ruskov / Robert Combas / Renaissance / Rosemont / Reoux
9%
Numer (10) 1782 / 3 Graudu / 42 Below / 8 Lands / 36 / 5 Lakes / 3 Kilos / 5 Oser / 4 Seasons / 1906
8%
T (17) Thunder / Three Olives / Tito's / Three Sixty / The Lakes / The House of Suntory / Tried and True / The Orientalist / Tan Dowr / Two Birds / Tatra / Tigre Blanc / Toorank / Tsarskaya / Tsarsky / Trojka / Tokyo Nights
8%
J (8) Jean-Marc XO / Jelley / Jeptha Creed / JJ Whitley / Jewel / Jarzebiak / Jelzin / JJ Kunberg
7%
I (9) Isensua / Incognito / Impuls / Icelandic / Iceberg / Infuse Spirit / Iganoff / Ignite / IVERIONI
4%
U (8) Ursus / Ultimat / UV / Ukiyo / Unkkoded / Utkins / U'Luvka / Unicorn
4%
V (22) Vodka O / Viru Valge / VKA / Villa Lobos / Vox / Vikingfjord / V44 / Vladivar / VAD / Vodka 14 / Vault / Virtuous / Vestal / VRSD / Van Gogh / Vodquila / Veuve Capet / Vestal / Viche Pitia / Venez / Vana / Vikoroff / Vodkress
4%
H (17) Hooghoudt / Hrenovuha / Hangar 1 / Haku / Helix / Harlan D Whatley / Hanson / HDW / Hpnotiq / Hammerfall / Hot'N'Sweet / Herbata / Herbowa / Hlebnoe / Haywards / Hunting Lodge / Habibi
3%
X (2) Xellent Swiss / X Muse
2%
Y (1) Youri Dolgoruki
1%
Nie znaleziono quizów pasujących do podanych kryteriów
Rozkład punktacji
Procent ludzi z każdym wynikiem
Percentyl według liczby udzielonych odpowiedzi
Twoja historia wyników
Nie rozwiązałeś tego quizu